| 000 | 00616nam a2200253 a 4500 | ||
|---|---|---|---|
| 001 | nice12345678 | ||
| 003 | IN_TiNIC | ||
| 005 | 20260116012916.0 | ||
| 008 | 050524s1957 luca grp 000 0 urd | ||
| 020 |
_a _c10 |
||
| 082 | 0 | 0 |
_a954.031 _bJAF |
| 100 | _aJafary, Rayees Ahmed | ||
| 245 | _aWajid Ali Shah Awr Unka Ahad | ||
| 260 |
_aLucknow _bKitab Manzil _c1957 |
||
| 300 | _a682p | ||
| 500 | _aincludes index and biblioraphy | ||
| 505 | 2 | _aIndex | |
| 650 | _aIndia-Historiography | ||
| 650 | _aLucknow-Rulers | ||
| 700 | 1 | _aJafary, Rayees Ahmed | |
| 902 | _bSRS | ||
| 942 | _cBK | ||
| 999 |
_c8843 _d8843 |
||